000 00759nam a2200229 4500
001 113074
003 ES-MaACL
005 20230906185739.0
007 t|
008 061121s1944 sp r ||||1| spa d
100 1 _aMussio Fournier, J. C.
_984696
245 1 3 _aEl aparato cardiovascular en las insuficiencias tiroideas /
_cpor los doctores José M. Cerviño, Juan J. Bazzano.
250 _a[1ª ed.].
260 _aBarcelona [etc.] :
_bSalvat,
_c1944.
300 _a159 p. :
_bil ;
_c22 cm.
490 1 _aManuales de medicina práctica ;
_v64
700 1 _aCerviño, José M.
_937664
700 1 _aBazzano, Juan J.
_926761
830 0 _aManuales de medicina práctica ;
_v64
_9181070
852 _aES-MaACL
_jC-5333
_bR.25756
999 _c113074
_d113074